Làm thế nào để lập chiến lược tiếp thị một cách hữu hiệu?

Phác thảo chiến lược tiếp thị để giúp các nhà doanh nghiệp tham gia kinh doanh và thắng cuộc trong việc sử dụng con người, trong sản xuất nâng cao chất lượng, giữ chữ tín với khách hàng.

Gorde:
Xehetasun bibliografikoak
Egile nagusia: In, Charlie
Formatua: Liburua
Hizkuntza:Undetermined
Argitaratua: Thành phố Hồ Chí Minh Trẻ 2000
Gaiak:
Etiketak: Etiketa erantsi
Etiketarik gabe, Izan zaitez lehena erregistro honi etiketa jartzen!
Thư viện lưu trữ: Trung tâm Học liệu Trường Đại học Cần Thơ
LEADER 00896nam a2200205Ia 4500
001 CTU_37266
008 210402s9999 xx 000 0 und d
020 |c 9600 
082 |a 658.8 
082 |b I.311 
100 |a In, Charlie 
245 0 |a Làm thế nào để lập chiến lược tiếp thị một cách hữu hiệu? 
245 0 |c Charlie In 
260 |a Thành phố Hồ Chí Minh 
260 |b Trẻ 
260 |c 2000 
520 |a Phác thảo chiến lược tiếp thị để giúp các nhà doanh nghiệp tham gia kinh doanh và thắng cuộc trong việc sử dụng con người, trong sản xuất nâng cao chất lượng, giữ chữ tín với khách hàng. 
650 |a Marketing,Tiếp thị 
904 |i Minh, 000704, lthieu 
980 |a Trung tâm Học liệu Trường Đại học Cần Thơ